MARC

LEADER 00000nam0a2200000 4500
001 361772
005 20231102011425.0
035 |a (RuTPU)RU\TPU\retro\19118 
090 |a 361772 
100 |a 20210702d1980 km y0rusy50 ca 
101 0 |a rus 
102 |a RU 
105 |a a z 001zy 
200 1 |a Рост благосостояния рабочих Сибири в условиях строительства развитого социализма  |f В. В. Алексеев, С. С. Букин  |g Академия наук СССР, Сибирское отделение, Институт истории, филологии и философии 
210 |a Новосибирск  |c Наука  |d 1980 
215 |a 216 с.  |c табл. 
320 |a Библиография в ссылках 
606 1 |a Материальное благосостояние и культурный уровень жизни народа  |x Статистика  |2 stltpush  |3 (RuTPU)RU\TPU\subj\36390  |9 57789 
610 1 |a развитой социализм 
610 1 |a рабочие 
610 1 |a состав 
610 1 |a доходы 
610 1 |a денежные средства 
610 1 |a расходы 
610 1 |a динамика 
610 1 |a потребление 
610 1 |a питание 
610 1 |a непродовольственные товары 
686 |a У9(2)0-94  |v LBC/SL-A  |2 rubbk 
700 1 |a Алексеев  |b В. В.  |g Вениамин Васильевич 
701 1 |a Букин  |b С. С.  |g Сергей Семенович 
712 0 2 |a Академия наук СССР  |b Сибирское отделение  |b Институт истории, филологии и философии  |c (Новосибирск)  |2 stltpush  |3 (RuTPU)RU\TPU\col\11501  |9 25136 
801 1 |a RU  |b 63413507  |c 20210702 
942 |c BK